[Event "2023 Norbert Muller Cup (Division B)"]
[Site "Woodvale, Perth WA AUS"]
[Date "2023.11.01"]
[Round "4"]
[White "Browning, Thomas"]
[Black "Balavignan, Ashvin"]
[Result "0-1"]
[WhiteElo "1651"]
[BlackElo "1683"]
[PlyCount "120"]
[EventDate "2023.10.11"]
[EventType "tourn"]
[EventRounds "7"]
[EventCountry "AUS"]
[TimeControl "3600+30"]

1. d4 Nf6 2. c4 e6 3. Nf3 d5 4. Nc3 Bd6 5. cxd5 exd5 6. Bg5 c6 7. e3 Nbd7 8.
Bd3 h6 9. Bh4 O-O 10. Rc1 Qa5 11. O-O Re8 12. Re1 a6 13. h3 g5 14. Bg3 Bxg3 15.
fxg3 Qc7 16. Kh2 Nh5 17. Kg1 Qxg3 18. Ne2 Qd6 19. Qd2 Kg7 20. Rf1 Ng3 21. Nxg3
Qxg3 22. Rce1 Qc7 23. e4 Qd6 24. e5 Qe7 25. Bc2 Nf8 26. Nh2 Be6 27. h4 Nh7 28.
Bxh7 Kxh7 29. Rf6 Rg8 30. hxg5 Rxg5 31. Qd3+ Kg7 32. Nf3 Rg6 33. Rxg6+ fxg6 34.
Rf1 Rf8 35. Nh2 Rxf1+ 36. Qxf1 Qf7 37. Qc1 Qf5 38. Qc5 Qf7 39. Qd6 Qd7 40. Qc5
Qc7 41. Qa3 Qf7 42. Qd6 g5 43. Nf3 g4 44. Nh4 g3 45. Nf3 Qf4 46. Qe7+ Bf7 47.
Qf6+ Qxf6 48. exf6+ Kxf6 49. Kf1 Kf5 50. Ke2 Bh5 51. Ke3 Bxf3 52. Kxf3 b6 53.
Kxg3 c5 54. dxc5 bxc5 55. Kf3 d4 56. b3 a5 57. a4 h5 58. g3 Ke5 59. Ke2 Ke4 60.
Kf2 d3 0-1

[Event "2023 Norbert Muller Cup (Division B)"]
[Site "Woodvale, Perth WA AUS"]
[Date "2023.11.01"]
[Round "4"]
[White "Weijermars, Tristan"]
[Black "Bhatia, Abhay"]
[Result "0-1"]
[WhiteElo "1575"]
[BlackElo "1745"]
[PlyCount "52"]
[EventDate "2023.10.11"]
[EventType "tourn"]
[EventRounds "7"]
[EventCountry "AUS"]
[TimeControl "3600+30"]

1. Nc3 d5 2. e4 d4 3. Nce2 e5 4. Nf3 Nc6 5. Ng3 a6 6. a3 h5 7. Bc4 h4 8. Ne2
Bg4 9. d3 Bxf3 10. gxf3 Qf6 11. f4 exf4 12. Bxf4 Bd6 13. Qd2 Nge7 14. Bg5 Qe5
15. f4 Qc5 16. e5 f6 17. exf6 gxf6 18. Bxf6 Rh7 19. Be6 Rh6 20. Bxe7 Bxe7 21.
f5 Rh8 22. O-O-O Nd8 23. Bb3 Qxf5 24. Nxd4 Qg4 25. Qe3 Kd7 26. Bc4 Bg5 0-1

[Event "2023 Norbert Muller Cup (Division B)"]
[Site "Woodvale, Perth WA AUS"]
[Date "2023.11.01"]
[Round "4"]
[White "Gough, Dylan"]
[Black "Leonhardt, Wolfgang"]
[Result "1/2-1/2"]
[WhiteElo "1823"]
[BlackElo "1760"]
[PlyCount "64"]
[EventDate "2023.10.11"]
[EventType "tourn"]
[EventRounds "7"]
[EventCountry "AUS"]
[TimeControl "3600+30"]

1. d4 Nf6 2. c4 e6 3. Nc3 c5 4. Nf3 cxd4 5. Nxd4 a6 6. a3 Nc6 7. Bf4 d6 8. Bg3
Qb6 9. Nxc6 Qxc6 10. e3 Be7 11. Rc1 O-O 12. Qf3 Bd7 13. Qxc6 Bxc6 14. f3 Rac8
15. Be2 d5 16. O-O dxc4 17. Bxc4 b5 18. Bb3 Nd7 19. Bf2 Ne5 20. Rfd1 Rfd8 21.
Rxd8+ Rxd8 22. Rd1 Nd3 23. Rd2 Nxf2 24. Rxd8+ Bxd8 25. Kxf2 Bf6 26. Ke2 Kf8 27.
Kd3 Ke7 {(=)} 28. e4 Be5 29. g3 f5 30. exf5 exf5 31. f4 Be4+ 32. Nxe4 fxe4+
1/2-1/2

[Event "2023 Norbert Muller Cup (Division C)"]
[Site "Woodvale, Perth WA AUS"]
[Date "2023.11.01"]
[Round "4"]
[White "Hintz, Steven"]
[Black "Brooke, John"]
[Result "1-0"]
[WhiteElo "1553"]
[BlackElo "1462"]
[PlyCount "103"]
[EventDate "2023.10.11"]
[EventType "tourn"]
[EventRounds "7"]
[EventCountry "AUS"]
[TimeControl "3600+30"]

1. e4 e5 2. Nf3 Nc6 3. Bb5 d6 4. d4 Bd7 5. O-O a6 6. Bxc6 bxc6 7. dxe5 dxe5 8.
Nxe5 Bd6 9. Nxd7 Qxd7 10. b3 Ne7 11. Bb2 O-O 12. e5 Rad8 13. exd6 cxd6 14. Nd2
d5 15. Nf3 Ng6 16. Re1 Qd6 17. Qd4 f6 18. Rad1 Rf7 19. c4 c5 20. Qxd5 Qxd5 21.
Rxd5 Rc8 22. Red1 Rff8 23. Ba3 Nf4 24. Rxc5 Rxc5 25. Bxc5 Re8 26. g3 Ne2+ 27.
Kg2 Nc3 28. Rd2 Ne4 29. Re2 Kf7 30. Bb4 g5 31. Nd2 f5 32. Nxe4 fxe4 33. f3
exf3+ 34. Kxf3 Rd8 35. Rd2 Rb8 36. Bc3 Ke6 37. Rd5 Rg8 38. Ra5 g4+ 39. Kf2 Kf7
40. Rxa6 h5 41. Ra7+ Kg6 42. Rg7+ Rxg7 43. Bxg7 Kxg7 44. c5 Kf6 45. b4 Ke6 46.
a4 Kd5 47. a5 Kc6 48. a6 Kc7 49. b5 Kb8 50. b6 Ka8 51. c6 h4 52. c7 1-0

[Event "2023 Norbert Muller Cup (Division C)"]
[Site "Woodvale, Perth WA AUS"]
[Date "2023.11.01"]
[Round "4"]
[White "Curtis, Calan"]
[Black "Akers, Gerard"]
[Result "1-0"]
[WhiteElo "1431"]
[BlackElo "1562"]
[PlyCount "95"]
[EventDate "2023.10.11"]
[EventType "tourn"]
[EventRounds "7"]
[EventCountry "AUS"]
[TimeControl "3600+30"]

1. d4 Nf6 2. Nc3 e6 3. Bf4 Bb4 4. e3 c5 5. Nge2 cxd4 6. exd4 Nd5 7. Bd2 Nxc3 8.
Bxc3 Bxc3+ 9. Nxc3 d5 10. Bb5+ Nc6 11. Bxc6+ bxc6 12. Na4 Qa5+ 13. c3 Ba6 14.
Nc5 O-O 15. Qa4 Qxa4 16. Nxa4 e5 17. Nc5 Bc8 18. dxe5 Re8 19. f4 f6 20. Nd3 Ba6
21. Nb4 Bb7 22. Nd3 Ba6 23. Nc5 Bc8 24. Nd3 Bf5 25. O-O-O Bxd3 26. Rxd3 fxe5
27. fxe5 Rxe5 28. Rhd1 Re2 29. R3d2 Rxd2 30. Rxd2 Rd8 31. Kc2 Kf7 32. Re2 Rd6
33. Kd3 Re6 34. Rxe6 Kxe6 35. Kd4 Kd6 36. b4 a6 37. c4 dxc4 38. Kxc4 g6 39. g4
h5 40. gxh5 gxh5 41. h4 Kc7 42. Kc5 Kb7 43. a4 Kc7 44. a5 Kb7 45. Kd6 Kb8 46.
Kxc6 Ka7 47. Kc7 Ka8 48. Kb6 1-0

[Event "2023 Norbert Muller Cup (Division C)"]
[Site "Woodvale, Perth WA AUS"]
[Date "2023.11.01"]
[Round "4"]
[White "Walker, Colin"]
[Black "Massam, Justin"]
[Result "1/2-1/2"]
[WhiteElo "1461"]
[BlackElo "1542"]
[PlyCount "139"]
[EventDate "2023.10.11"]
[EventType "tourn"]
[EventRounds "7"]
[EventCountry "AUS"]
[TimeControl "3600+30"]

1. e4 e5 2. c4 Nf6 3. Nc3 Bc5 4. Nf3 Nc6 5. h3 d6 6. d3 h6 7. Be2 Nd4 8. O-O c6
9. Nxd4 Bxd4 10. Rb1 Qa5 11. Qa4 Qb6 12. Qc2 O-O 13. Bf3 Be6 14. Nd1 Rac8 15.
Ne3 Qc7 16. Qe2 b5 17. b3 a5 18. Bb2 Bb6 19. cxb5 cxb5 20. Rbc1 Qd7 21. Qd2 b4
22. Nc4 Bc7 23. d4 exd4 24. Bxd4 Qe7 25. Qb2 Bxc4 26. Bxf6 Qxf6 27. Qxf6 gxf6
28. Rxc4 Bb6 29. Rfc1 Bc5 30. Kf1 Rfe8 31. Rd1 Kg7 32. Bg4 Rcd8 33. Rd5 Rb8 34.
Bd1 Rb7 35. f3 Rbe7 36. Bc2 Re5 37. Rxe5 fxe5 38. Bd3 Kf6 39. Rc2 Kg5 40. g3
Re6 41. Bc4 Rf6 42. Kg2 h5 43. Bd5 h4 44. g4 Kf4 45. Re2 Kg5 46. Bc4 Kg6 47.
Bd5 Kg7 48. Bc4 Rh6 49. Rc2 f6 50. Re2 Kg6 51. Bd5 Rh8 52. Bc4 Kg5 53. Bd5 Kf4
54. Bc4 Rc8 55. Rc2 Rc7 56. Re2 Ra7 57. Bb5 Bd4 58. Rc2 Bc5 59. Re2 Rc7 60. Bc4
Bb6 61. Rd2 Rc6 62. Rd1 Ba7 63. Rd3 a4 64. Rd2 axb3 65. axb3 Bc5 66. Ra2 Rc8
67. Ra6 Ke3 68. Ra2 Kf4 69. Ra6 Ke3 70. Ra2 1/2-1/2

[Event "2023 Norbert Muller Cup (Division C)"]
[Site "Woodvale, Perth WA AUS"]
[Date "2023.11.01"]
[Round "4"]
[White "Boswarva, Ernest"]
[Black "Sethuraman, Jaswanth Ram"]
[Result "0-1"]
[WhiteElo "1537"]
[BlackElo "1298"]
[PlyCount "56"]
[EventDate "2023.10.11"]
[EventType "tourn"]
[EventRounds "7"]
[EventCountry "AUS"]
[TimeControl "3600+30"]

1. d4 d5 2. e3 Nf6 3. Bd3 Nc6 4. f4 Bg4 5. Nf3 e6 6. Nbd2 Be7 7. c3 O-O 8. O-O
Bd6 9. Qe1 Bxf3 10. Rxf3 Ng4 11. h3 Nf6 12. g4 Nd7 13. g5 g6 14. Nf1 f6 15. h4
e5 16. e4 dxe4 17. Bxe4 exd4 18. Qe2 dxc3 19. bxc3 Re8 20. Qc2 Qe7 21. Bd5+ Kg7
22. Re3 Bc5 23. h5 Bxe3+ 24. Bxe3 Qd6 25. Rd1 Qe7 26. hxg6 hxg6 27. Qg2 Rad8
28. Re1 Qd6 0-1

[Event "2023 Norbert Muller Cup (Division D)"]
[Site "Woodvale, Perth WA AUS"]
[Date "2023.11.01"]
[Round "4"]
[White "Gough, Sebastian"]
[Black "Dawoud, Ahmad"]
[Result "1-0"]
[WhiteElo "1058"]
[BlackElo "966"]
[PlyCount "55"]
[EventDate "2023.10.11"]
[EventType "swiss"]
[EventRounds "7"]
[EventCountry "AUS"]
[TimeControl "3600+30"]

1. d4 d5 2. Bf4 Bf5 3. Nc3 e6 4. Nf3 Bd6 5. Bg3 Bxg3 6. hxg3 Nc6 7. e3 Qd7 8.
Bb5 Qd6 9. Bxc6+ Qxc6 10. Ne5 Qb6 11. Na4 Qb4+ 12. c3 Qd6 13. Qb3 b6 14. Qb5+
Ke7 15. Nc6+ Kf8 16. Ne5 Rd8 17. Nc6 a6 18. Qb4 Qxb4 19. cxb4 Rd6 20. Na7 Ke7
21. Rc1 b5 22. Nc8+ Kd7 23. Nxd6 Kxd6 24. Nc5 Ne7 25. Nb7+ Kd7 26. Nc5+ Kc8 27.
Nxa6 Kb7 28. Rxc7+ 1-0

[Event "2023 Norbert Muller Cup (Division D)"]
[Site "Woodvale, Perth WA AUS"]
[Date "2023.11.01"]
[Round "4"]
[White "Jahn, Harold"]
[Black "Hounsome, David"]
[Result "0-1"]
[WhiteElo "997"]
[BlackElo "1417"]
[PlyCount "112"]
[EventDate "2023.10.11"]
[EventType "swiss"]
[EventRounds "7"]
[EventCountry "AUS"]
[TimeControl "3600+30"]

1. d4 e6 2. e4 d5 3. Nf3 dxe4 4. Nfd2 Nf6 5. Nc3 Qxd4 6. Ndxe4 Qxd1+ 7. Kxd1
Nxe4 8. Nxe4 b6 9. Bd3 Bb7 10. Be3 Be7 11. Ke2 O-O 12. h4 Nd7 13. h5 f5 14. Nd2
Ne5 15. Bd4 Nxd3 16. cxd3 Rad8 17. Be5 c5 18. Nf3 Rd7 19. Nh4 Bf6 20. Bxf6 Rxf6
21. Rh2 Ba6 22. Rd1 Bb7 23. f3 e5 24. Rdh1 Ba6 25. Ng6 Bxd3+ 26. Kf2 Re6 27. h6
Rxg6 28. Rh5 Rdd6 29. hxg7 Rxg7 30. R1h3 Rf6 31. Ke3 Bf1 32. Kf2 Bc4 33. b3 Bf7
34. R5h4 f4 35. g3 fxg3+ 36. Rxg3 Rxg3 37. Kxg3 Bd5 38. f4 e4 39. Rh5 Bc6 40.
f5 Bd7 41. Rg5+ Kh8 42. Kf4 e3 43. Kxe3 Rxf5 44. Rg3 h5 45. Rg1 Kh7 46. Rd1 Be6
47. Rh1 Kh6 48. Rh4 Kg5 49. Re4 Bd5 50. Re7 a5 51. Rd7 h4 52. Rg7+ Kh6 53. Rg4
Kh5 54. Rf4 Rxf4 55. Kxf4 a4 56. Ke5 Bxb3 0-1

[Event "2023 Norbert Muller Cup (Division D)"]
[Site "Woodvale, Perth WA AUS"]
[Date "2023.11.01"]
[Round "4"]
[White "Porteus, Grant"]
[Black "Young, Manfred"]
[Result "1-0"]
[WhiteElo "1431"]
[BlackElo "1134"]
[PlyCount "31"]
[EventDate "2023.10.11"]
[EventType "swiss"]
[EventRounds "7"]
[EventCountry "AUS"]
[TimeControl "3600+30"]

1. d4 c6 2. c4 d5 3. Nc3 Nf6 4. Bf4 Bf5 5. Qb3 Ne4 6. Nxe4 Bxe4 7. Qxb7 Nd7 8.
Qxc6 Qa5+ 9. Bd2 Qd8 10. f3 Rc8 11. Qa6 Bc2 12. e3 e6 13. c5 Be7 14. Ba5 Nb8
15. Bb5+ Kf8 16. Qxa7 1-0

[Event "2023 Norbert Muller Cup (Division D)"]
[Site "Woodvale, Perth WA AUS"]
[Date "2023.11.01"]
[Round "4"]
[White "Owen, Geoffrey"]
[Black "Powell, Darren"]
[Result "0-1"]
[WhiteElo "1120"]
[BlackElo "1336"]
[PlyCount "70"]
[EventDate "2023.10.11"]
[EventType "swiss"]
[EventRounds "7"]
[EventCountry "AUS"]
[TimeControl "3600+30"]

1. e4 e5 2. Bc4 Nf6 3. d4 Bd6 4. Nf3 Nc6 5. a3 h6 6. b4 Qe7 7. d5 Nd8 8. Nc3 c6
9. O-O b5 10. Bb3 O-O 11. h3 Bb7 12. Re1 Re8 13. Nh4 a6 14. Nf5 Qf8 15. Re3 g6
16. Rg3 Kh7 17. Bxh6 Qg8 18. Nxd6 Re7 19. Qd2 Qh8 20. h4 Nh5 21. Rf3 Rb8 22.
Bg5 f6 23. Nf5 Rf7 24. d6 Ne6 25. Nh6 Rff8 26. Ng4 fxg5 27. hxg5 Rxf3 28. gxf3
Nd4 29. Qe3 Rf8 30. Nf6+ Kg7 31. Nxh5+ Qxh5 32. Kg2 Rxf3 33. Qe1 Qh3+ 34. Kg1
Rxc3 35. Rd1 Nf3# 0-1

[Event "2023 Norbert Muller Cup (Division D)"]
[Site "Woodvale, Perth WA AUS"]
[Date "2023.11.01"]
[Round "4"]
[White "Lanham, Bruce"]
[Black "Overste, Brian"]
[Result "1-0"]
[WhiteElo "1215"]
[BlackElo "998"]
[PlyCount "98"]
[EventDate "2023.10.11"]
[EventType "swiss"]
[EventRounds "7"]
[EventCountry "AUS"]
[TimeControl "3600+30"]

1. Nf3 f6 2. d4 d5 3. g3 Bg4 4. Bg2 Qd7 5. h3 Bf5 6. g4 Be4 7. Nc3 Nc6 8. Be3
g5 9. Nxe4 dxe4 10. Ng1 Qd5 11. f3 exf3 12. Bxf3 Qa5+ 13. Qd2 Qb5 14. Qc3 O-O-O
15. Bxc6 bxc6 16. O-O-O Qd5 17. Nf3 Kd7 18. b3 Rb8 19. Bf2 Qd6 20. Rhg1 Qa3+
21. Qb2 Qa6 22. Rge1 e6 23. e4 Ba3 24. Qxa3 Qxa3+ 25. Kb1 a5 26. d5 a4 27.
dxe6+ Kxe6 28. Nd4+ Kf7 29. Nxc6 axb3 30. cxb3 Ra8 31. Re2 Ne7 32. Nxe7 Kxe7
33. Rc1 Rhc8 34. Bc5+ Qxc5 35. Rxc5 Ra7 36. Rd2 c6 37. Kb2 Rca8 38. a4 Rd7 39.
Rxd7+ Kxd7 40. Kc3 Re8 41. Kd4 Kd6 42. b4 Rh8 43. b5 cxb5 44. axb5 Ra8 45. Rc6+
Kd7 46. Kd5 Ra5 47. Kc5 Ra2 48. Rxf6 Ke7 49. Rc6 Re2 {Scoresheet not clear} 1-0

[Event "2023 Norbert Muller Cup (Division D)"]
[Site "Woodvale, Perth WA AUS"]
[Date "2023.11.01"]
[Round "4"]
[White "Nel, Kevin"]
[Black "May, Wendy"]
[Result "1-0"]
[WhiteElo "1147"]
[BlackElo "875"]
[PlyCount "81"]
[EventDate "2023.10.11"]
[EventType "swiss"]
[EventRounds "7"]
[EventCountry "AUS"]
[TimeControl "3600+30"]

1. e4 e5 2. Nf3 Nc6 3. Bc4 Nf6 4. d4 Nxe4 5. O-O d5 6. Bb5 a6 7. Bxc6+ bxc6 8.
Nxe5 Be7 9. Qh5 g6 10. Qf3 f6 11. Nxc6 Qd6 12. Nxe7 Qxe7 13. Re1 f5 14. Nc3 Qb4
15. Be3 O-O 16. Nxd5 Qd6 17. c4 Qe6 18. Nxc7 Qc6 19. Nxa8 Qxa8 20. h4 Be6 21.
d5 Bd7 22. b3 f4 23. Bxf4 Bf5 24. Rad1 Nc5 25. h5 Rd8 26. hxg6 hxg6 27. g4 Be4
28. Rxe4 Nxe4 29. Qxe4 Kg7 30. Qe7+ Kg8 31. Be5 Rd7 32. Qxd7 Qf8 33. Rd3 Qf7
34. Qd8+ Qf8 35. Qh4 Kf7 36. Rf3+ Ke8 37. Rxf8+ Kxf8 38. Qf6+ Ke8 39. Bd6 Kd7
40. Qe7+ Kc8 41. Qc7# 1-0

[Event "2023 Norbert Muller Cup (Division A)"]
[Site "Woodvale, Perth WA AUS"]
[Date "2023.11.22"]
[Round "5"]
[White "Clarke, Daniel"]
[Black "Maris, Rob"]
[Result "0-1"]
[WhiteElo "1928"]
[BlackElo "2099"]
[PlyCount "56"]
[EventDate "2023.10.11"]
[EventType "tourn"]
[EventRounds "7"]
[EventCountry "AUS"]
[TimeControl "3600+30"]

1. e4 c5 2. Nf3 Nc6 3. d4 cxd4 4. Nxd4 Nf6 5. Nc3 d6 6. Be3 e6 7. Be2 Be7 8.
O-O a6 9. f4 Qc7 10. Qe1 Nd7 11. Nb3 b5 12. Bf3 Bb7 13. Qg3 O-O 14. Rad1 Rac8
15. e5 dxe5 16. Bxc6 Bxc6 17. fxe5 Nxe5 18. Bf4 Qb6+ 19. Be3 Qc7 20. Bf4 f6 21.
Rfe1 Bd6 22. Kh1 Rfe8 23. Ne4 Bxe4 24. Rxe4 Qxc2 25. Red4 Bb8 26. Rc1 Qxb2 27.
Rxc8 Rxc8 28. Rd2 Rc1+ 0-1

[Event "2023 Norbert Muller Cup (Division A)"]
[Site "Woodvale, Perth WA AUS"]
[Date "2023.11.08"]
[Round "5"]
[White "Plaganyi, Gyula"]
[Black "Gibson, Jacob"]
[Result "1-0"]
[WhiteElo "1990"]
[WhiteTitle "CM"]
[BlackElo "2018"]
[PlyCount "75"]
[EventDate "2023.10.11"]
[EventType "tourn"]
[EventRounds "7"]
[EventCountry "AUS"]
[TimeControl "3600+30"]

1. d4 d5 2. Bf4 Nf6 3. e3 c5 4. Nd2 Qb6 5. dxc5 Qxb2 6. Ngf3 Qc3 7. Bb5+ Bd7 8.
Rb1 Nc6 9. Bxc6 Bxc6 10. O-O Qxc5 11. Re1 e6 12. Ne5 Be7 13. Nb3 Qc3 14. Nd4
Rc8 15. Rb3 Qc5 16. Qd3 O-O 17. Reb1 Nh5 18. Ndxc6 bxc6 19. Nd7 Nxf4 20. exf4
Qa5 21. Nxf8 Rxf8 22. Qc3 Qa6 23. g3 h6 24. Rb8 Bd6 25. Rxf8+ Kxf8 26. Qb3 Kg8
27. a4 Bc7 28. Rd1 Bb6 29. Rd2 Qa5 30. Re2 Qa6 31. Re5 Qa5 32. c3 Qc5 33. Re2
Kh8 34. Qb4 Qxb4 35. cxb4 c5 36. a5 c4 37. axb6 axb6 38. Kf1 1-0

[Event "2023 Norbert Muller Cup (Division A)"]
[Site "Woodvale, Perth WA AUS"]
[Date "2023.11.08"]
[Round "5"]
[White "Saxon, Marc"]
[Black "Curthoys, Edward"]
[Result "0-1"]
[WhiteElo "2047"]
[BlackElo "1934"]
[PlyCount "56"]
[EventDate "2023.10.11"]
[EventType "tourn"]
[EventRounds "7"]
[EventCountry "AUS"]
[TimeControl "3600+30"]

1. e4 c6 2. d4 d5 3. exd5 cxd5 4. Bd3 Nf6 5. c3 Nc6 6. Bf4 e6 7. Nf3 Bd6 8. Ne5
Qc7 9. Bb5 O-O 10. Bxc6 bxc6 11. Bg3 Ne4 12. f4 Ba6 13. Nd2 f6 14. Nxe4 dxe4
15. Qb3 fxe5 16. Qxe6+ Kh8 17. fxe5 Qb6 18. Qb3 Be7 19. Qxb6 axb6 20. b3 Bd3
21. c4 Bb4+ 22. Kd1 Bc3 23. Rc1 Bb2 24. d5 cxd5 25. cxd5 Bxc1 26. Kxc1 Rxa2 27.
Re1 Rc8+ 28. Kd1 Rcc2 0-1

[Event "2023 Norbert Muller Cup (Division A)"]
[Site "Woodvale, Perth WA AUS"]
[Date "2023.11.22"]
[Round "5"]
[White "Janceski, Alex"]
[Black "Wolstencroft, Alan"]
[Result "1/2-1/2"]
[WhiteElo "1878"]
[BlackElo "1865"]
[PlyCount "44"]
[EventDate "2023.10.11"]
[EventType "tourn"]
[EventRounds "7"]
[EventCountry "AUS"]
[TimeControl "3600+30"]

1. d4 Nf6 2. c4 g6 3. b3 Bg7 4. Bb2 O-O 5. g3 d6 6. Bg2 c6 7. Nf3 Nbd7 8. O-O
Re8 9. Nc3 e5 10. dxe5 dxe5 11. Qc2 Qe7 12. e3 Nh5 13. Rad1 f5 14. Rfe1 e4 15.
Nd2 Nhf6 16. Ne2 Ne5 17. Bxe5 Qxe5 18. Nf1 Be6 19. Rd2 Rad8 20. Red1 Rxd2 21.
Qxd2 Bf8 22. h3 Be7 1/2-1/2

[Event "2023 Norbert Muller Cup (Division B)"]
[Site "Woodvale, Perth WA AUS"]
[Date "2023.11.09"]
[Round "5"]
[White "Leonhardt, Wolfgang"]
[Black "Michael, Ashley"]
[Result "1/2-1/2"]
[WhiteElo "1760"]
[BlackElo "1563"]
[PlyCount "46"]
[EventDate "2023.10.11"]
[EventType "tourn"]
[EventRounds "7"]
[EventCountry "AUS"]
[TimeControl "3600+30"]

{Played away from club} 1. e4 e5 2. Nf3 Nf6 3. Nc3 Bc5 4. h3 Nc6 5. d3 d6 6.
Na4 O-O 7. Nxc5 dxc5 8. Be3 Qe7 9. Be2 Rd8 10. Qc1 Nd4 11. Bd1 b6 12. O-O Ba6
13. Nd2 h6 14. f4 exf4 15. Bxf4 Ne6 16. Bg3 Nd4 17. e5 Nd5 18. Nf3 Bb7 19. Nxd4
cxd4 20. Bh5 Rf8 21. Bf4 Nxf4 22. Qxf4 c5 23. Rf2 f5 1/2-1/2

[Event "2023 Norbert Muller Cup (Division B)"]
[Site "Woodvale, Perth WA AUS"]
[Date "2023.11.22"]
[Round "5"]
[White "Bhatia, Abhay"]
[Black "Gough, Dylan"]
[Result "1/2-1/2"]
[WhiteElo "1745"]
[BlackElo "1823"]
[PlyCount "61"]
[EventDate "2023.10.11"]
[EventType "tourn"]
[EventRounds "7"]
[EventCountry "AUS"]
[TimeControl "3600+30"]

1. e4 c6 2. e5 d6 3. exd6 exd6 4. d4 Nf6 5. Bg5 Be7 6. Nf3 O-O 7. Be2 Bf5 8.
O-O h6 9. Bf4 Nd5 10. Bg3 Qb6 11. b3 Nb4 12. Na3 d5 13. c3 N4a6 14. b4 Qd8 15.
Re1 b5 16. Ne5 f6 17. Bg4 fxe5 18. Bxe5 Qd7 19. Bxf5 Qxf5 20. Bxb8 Bxb4 21. Bg3
Bxa3 22. Re5 Qf7 23. Qg4 Rae8 24. Rae1 Rxe5 25. Rxe5 Re8 26. h3 b4 27. Rxe8+
Qxe8 28. Be5 Qf8 29. Qe6+ Kh8 30. Qxh6+ Kg8 31. Qe6+ 1/2-1/2

[Event "2023 Norbert Muller Cup (Division B)"]
[Site "Woodvale, Perth WA AUS"]
[Date "2023.11.08"]
[Round "5"]
[White "Balavignan, Ashvin"]
[Black "Weijermars, Tristan"]
[Result "1-0"]
[WhiteElo "1683"]
[BlackElo "1575"]
[PlyCount "74"]
[EventDate "2023.10.11"]
[EventType "tourn"]
[EventRounds "7"]
[EventCountry "AUS"]
[TimeControl "3600+30"]

1. d4 d5 2. c4 e6 3. Nc3 Nf6 4. e3 c6 5. Nf3 Nbd7 6. Be2 Bd6 7. O-O O-O 8. Qc2
e5 9. cxd5 exd4 10. Nxd4 cxd5 11. Bf3 Ne5 12. h3 Nxf3+ 13. Nxf3 Qe7 14. Rd1 Be6
15. Nd4 Rac8 16. Qd3 a6 17. b3 Ba3 18. Bxa3 Qxa3 19. Nce2 Rc7 20. Nf4 Re8 21.
Qf1 g5 22. Nfxe6 fxe6 23. Qd3 e5 24. Nf5 Rec8 25. Nh6+ Kg7 26. Qf5 Qe7 27.
Qxg5+ Kh8 28. Nf5 Qf8 29. Ng3 Re8 30. Rdc1 Rg7 31. Qf5 Rf7 32. Qc2 d4 33. exd4
exd4 34. Qd3 Qb4 35. Rc4 Re1+ 36. Kh2 Qe7 37. Rxe1 Qxe1 1-0

[Event "2023 Norbert Muller Cup (Division B)"]
[Site "Woodvale, Perth WA AUS"]
[Date "2023.11.08"]
[Round "5"]
[White "Oswald, Franz"]
[Black "Browning, Thomas"]
[Result "1-0"]
[WhiteElo "1678"]
[BlackElo "1651"]
[PlyCount "97"]
[EventDate "2023.10.11"]
[EventType "tourn"]
[EventRounds "7"]
[EventCountry "AUS"]
[TimeControl "3600+30"]

1. d4 d5 2. c4 e6 3. Nc3 Nf6 4. Bg5 c5 5. e3 Be7 6. Nf3 O-O 7. cxd5 exd5 8.
dxc5 Bg4 9. h3 Bxf3 10. Qxf3 Ne4 11. Bxe7 Qxe7 12. Nxd5 Qe5 13. Rd1 Nc6 14. Qf4
Rad8 15. Qxe5 Nxe5 16. Be2 Nxc5 17. O-O b6 18. Nc3 Ng6 19. Rxd8 Rxd8 20. Rd1
Rxd1+ 21. Nxd1 a5 22. Nc3 Ne7 23. g4 f6 24. f3 Kf8 25. Kf2 h6 26. e4 g6 27. Ke3
Ke8 28. Bb5+ Kd8 29. f4 Kc7 30. h4 Kd6 31. Bc4 g5 32. hxg5 hxg5 33. Nd5 Nxd5+
34. Bxd5 gxf4+ 35. Kxf4 Ke7 36. Bc4 Na4 37. b3 Nc3 38. a4 Nb1 39. e5 fxe5+ 40.
Kxe5 Nd2 41. Bd5 Nf1 42. g5 Ng3 43. Bf3 Kf7 44. Kd6 Nf5+ 45. Kc7 b5 46. axb5
Nd4 47. Bd5+ Kg6 48. Bc4 Kxg5 49. b6 1-0

[Event "2023 Norbert Muller Cup (Division C)"]
[Site "Woodvale, Perth WA AUS"]
[Date "2023.11.08"]
[Round "5"]
[White "Sethuraman, Jaswanth Ram"]
[Black "Hintz, Steven"]
[Result "1/2-1/2"]
[WhiteElo "1298"]
[BlackElo "1553"]
[PlyCount "63"]
[EventDate "2023.10.11"]
[EventType "tourn"]
[EventRounds "7"]
[EventCountry "AUS"]
[TimeControl "3600+30"]

1. e4 c6 2. Nf3 d5 3. exd5 cxd5 4. d4 Bg4 5. Be2 e6 6. Bf4 Nf6 7. Ne5 Bxe2 8.
Qxe2 Bd6 9. Bg5 O-O 10. O-O h6 11. Bh4 Be7 12. Nd2 Nc6 13. Ndf3 Ne4 14. Nxc6
bxc6 15. Bxe7 Qxe7 16. Ne5 c5 17. c3 cxd4 18. cxd4 Rfc8 19. f3 Nd6 20. Rac1
Rxc1 21. Rxc1 Qb7 22. b3 Rc8 23. Qd2 Rxc1+ 24. Qxc1 Qb6 25. Qc5 Qa6 26. a4 Qe2
27. h3 Qe1+ 28. Kh2 Nf5 29. Qxa7 Qg3+ 30. Kg1 Qe1+ 31. Kh2 Qg3+ 32. Kg1 1/2-1/2

[Event "2023 Norbert Muller Cup (Division C)"]
[Site "Woodvale, Perth WA AUS"]
[Date "2023.11.02"]
[Round "5"]
[White "Massam, Justin"]
[Black "Boswarva, Ernest"]
[Result "0-1"]
[WhiteElo "1542"]
[BlackElo "1537"]
[PlyCount "76"]
[EventDate "2023.10.11"]
[EventType "tourn"]
[EventRounds "7"]
[EventCountry "AUS"]
[TimeControl "3600+30"]

{Game played at Warwick Chess Club} 1. d4 d5 2. c4 c6 3. Nf3 Nf6 4. Nc3 e6 5.
Bg5 Nbd7 6. c5 h6 7. Bh4 g5 8. Bg3 Nh5 9. e3 Nxg3 10. hxg3 Bg7 11. Nd2 e5 12.
dxe5 Nxe5 13. f4 Bg4 14. Qb3 d4 15. exd4 Qxd4 16. fxe5 Bxe5 17. Nce4 O-O-O 18.
Qc3 Qxc3 19. bxc3 Rhe8 20. Kf2 Bxc3 21. Nxc3 Rxd2+ 22. Be2 Bxe2 23. Ke1 Rc2 24.
Rxh6 Rxc3 25. Kd2 Rxc5 26. Re1 Rd5+ 27. Kc3 Re3+ 28. Kb2 Rd2+ 29. Kc1 Rxa2 30.
Rd6 Ra1+ 31. Kd2 Rxe1 32. Kxe1 Bc4+ 33. Kf2 Re6 34. Rd4 Bd5 35. g4 Re4 36. Rd3
Rxg4 37. g3 a5 38. Re3 Kd7 0-1

[Event "2023 Norbert Muller Cup (Division C)"]
[Site "Woodvale, Perth WA AUS"]
[Date "2023.11.08"]
[Round "5"]
[White "Akers, Gerard"]
[Black "Walker, Colin"]
[Result "1-0"]
[WhiteElo "1562"]
[BlackElo "1461"]
[PlyCount "51"]
[EventDate "2023.10.11"]
[EventType "tourn"]
[EventRounds "7"]
[EventCountry "AUS"]
[TimeControl "3600+30"]

1. e4 e5 2. Nf3 d6 3. h3 Be6 4. d4 exd4 5. Nxd4 Qf6 6. Nc3 a6 7. Be3 Nd7 8. Qd2
h6 9. f4 Nc5 10. b4 Na4 11. Nxa4 c5 12. bxc5 dxc5 13. e5 Qd8 14. Nxe6 Qxd2+ 15.
Kxd2 fxe6 16. Nxc5 Bxc5 17. Bxc5 Rc8 18. Bd6 Rd8 19. Bd3 Ne7 20. Bxe7 Kxe7 21.
Rab1 Rd7 22. Rb6 Rf8 23. Ke3 g5 24. g3 gxf4+ 25. gxf4 Rg8 26. Kf3 1-0